| 000 | 01040cam a2200265 a 4500 | ||
|---|---|---|---|
| 005 | 20131114062435.0 | ||
| 008 | 041112s2005 cau b 001 0 eng | ||
| 020 | _a0804750637 | ||
| 020 | _a0804750645 | ||
| 041 | 0 | _aeng | |
| 080 |
_a339.923:32 _x(4) |
||
| 100 | 1 |
_aGerven, W. van _q(Walter) |
|
| 245 | 1 | 4 |
_aThe European Union : a polity of states and peoples / _cWalter van Gerven. |
| 260 |
_aStanford, Calif. : _bStanford University Press, _c2005. |
||
| 300 |
_axvii, 397 p. ; _c24 cm. |
||
| 500 | _aPreface : f. [XIII] - XIV | ||
| 504 | _aIncludes bibliographical references and index. | ||
| 610 | 2 | 0 | _aUnioni Europian |
| 650 | 0 | _aUnoni Europian | |
| 651 | 0 |
_aEurope _xPolitika dhe qeverisja _yshek. 21 |
|
| 856 | 4 | 1 |
_3Table of contents _uhttp://www.loc.gov/catdir/toc/ecip053/2004026677.html |
| 856 | 4 | 2 |
_3Contributor biographical information _uhttp://www.loc.gov/catdir/enhancements/fy0710/2004026677-b.html |
| 856 | 4 | 2 |
_3Publisher description _uhttp://www.loc.gov/catdir/enhancements/fy0710/2004026677-d.html |
| 942 |
_2udc _cBK |
||
| 999 |
_c312 _d312 |
||